مكتبة جامعة عجلون الوطنية

فهرس بحث المكتبة

Normal view MARC view
  • Attitudes and Motivation -- Leaning English Language

Entry Topical Term

Number of records used in: 1

001 - CONTROL NUMBER

  • control field: 3710

003 - CONTROL NUMBER IDENTIFIER

  • control field: JO-AjAnu

005 - DATE AND TIME OF LATEST TRANSACTION

  • control field: 20230606070917.0

008 - FIXED-LENGTH DATA ELEMENTS

  • fixed length control field: 230606|| aca||aabn | a|a d

040 ## - CATALOGING SOURCE

  • Original cataloging agency: JO-AjAnu
  • Transcribing agency: JO-AjAnu

150 ## - HEADING--TOPICAL TERM

  • Topical term or geographic name entry element: Attitudes and Motivation -- Leaning English Language

670 ## - SOURCE DATA FOUND

  • Source citation: Work cat.: (JO-AjAnu)1934: AL-Momaney, Ali Ameen, Wala,a Khalifah Bani- awwad, author 3709, Attitudes and Motivation Towards Leaning English Language Among Ajloun National University Students